Manual do preposto Auxiliando o empregador no processo trabalhista /

Detalles Bibliográficos
Autor principal: Prota de Alencar Bezerra, Marcos Valřio
Otros Autores: Borba de Vasconcelos, Rodrigo
Formato: eBook
Lenguaje:portugués
Publicado: Rio de Janeiro: Synergia Editora, 2018
Materias:
Acceso en línea:Acceso restringido

MARC

LEADER 00000nam a22000007a 4500
005 20190901141747.0
007 cr|||| ||||
008 190901s2018 br |||||s|||| 00||0 por d
020 |a 978-85-68483-73-2 
035 |a 24827 
040 |a vLex 
090 |c 9352  |d 9352 
100 1 |a Prota de Alencar Bezerra, Marcos Valřio 
245 1 0 |a Manual do preposto  |h [Recurso electrn̤ico] :  |b Auxiliando o empregador no processo trabalhista /  |c Marcos Valřio Prota de Alencar Bezerra, Rodrigo Borba de Vasconcelos 
256 |a Servicio en ln̕ea 
260 |a Rio de Janeiro:  |b Synergia Editora,  |c 2018 
300 |a 1 recurso electrn̤ico 
506 1 |a Disponible solo en los productos indicados  |d vLex Global  |d vLex Global (Academic Edition, excluding Law Schools)  |d vLex Global (U.S. Academic Edition, Law Schools)  |d vLex Global (U.S. Academic Edition, excluding Law Schools)  |d vLex Global (Academic Edition, Law Schools) 
650 0 4 |a Derecho Laboral y Seguridad Social  |z Brasil 
650 0 4 |a Derecho Procesal  |z Brasil 
700 1 |a Borba de Vasconcelos, Rodrigo 
740 0 |a vLex Libros (Servicio en ln̕ea) 
856 4 0 |u http://vlex.com/source/manual-preposto-auxiliando-empregador-processo-trabalhista-24827  |z Acceso restringido 
942 |c BOOK 
999 0 |a Labor Law and Social Security 
999 0 |a Procedural Law